| 000 | 01048nam a22004097a 4500 | ||
|---|---|---|---|
| 001 | BR2015002424 | ||
| 003 | BR-BrBNA | ||
| 005 | 20230928104634.0 | ||
| 007 | ta | ||
| 008 | 230509b bl.||||| |||| 00| 0 por d | ||
| 040 |
_aBR-BrBNA _bpor _cBiblioteca Nacional de Agricultura |
||
| 041 | _a(Por) | ||
| 072 |
_aF30 _b0336 |
||
| 090 | _ 0336 BR2015002424 | ||
| 100 | 1 | _aCarneiro, G.E. de S. | |
| 100 | 1 | _aPípolo, A.E. | |
| 100 | 1 | _aMelo, C.L.P. de | |
| 100 | 1 | _aLima, D. de | |
| 100 | 1 | _aFoloni, J.S.S. | |
| 100 | 1 | _aMiranda, L.C. | |
| 100 | 1 | _aPetek, M.R. | |
| 100 | 1 | _aBorges, R. de S. | |
| 110 | 1 | _aEmbrapa Soja, Londrina, PR (Brasil) | |
| 245 | 1 | _aCultivares de Soja | |
| 260 | 3 |
_aLondrina, PR (Brasil): _c2014. |
|
| 300 | _a60 p. | ||
| 500 | _a28 ref. | ||
| 650 | _aSOJA | ||
| 650 | _aVARIEDADE | ||
| 650 | _aSEMEADURA | ||
| 650 | _aDOENÇA DE PLANTA | ||
| 650 | _aPRAGA DE PLANTA | ||
| 650 | _aCARACTERÍSTICAS AGRONÔMICAS | ||
| 650 | _aCENTRO-SUL | ||
| 909 |
_a202309 _bLucia _c55 _dLucia Elande |
||
| 942 | _cBK | ||
| 999 |
_c80978 _d80978 |
||